ESCA (L') (Record n. 105515)

Dettagli MARC
000 -LEADER
fixed length control field 02162agaaa2200349 4500
001 - CONTROL NUMBER
control field 9236
003 - CONTROL NUMBER IDENTIFIER
control field IT-RoPAU
005 - DATE AND TIME OF LATEST TRANSACTION
control field 20220918181233.0
007 - PHYSICAL DESCRIPTION FIXED FIELD--GENERAL INFORMATION
fixed length control field d cvaizq
008 - FIXED-LENGTH DATA ELEMENTS--GENERAL INFORMATION
fixed length control field 50131s9999||||xx ||| | || ||und||
040 ## - CATALOGING SOURCE
Original cataloging agency IT-RoPAU
Transcribing agency IT-RoPAU
041 ## - LANGUAGE CODE
Language code of text/sound track or separate title ITALIANO
100 ## - MAIN ENTRY--PERSONAL NAME
Personal name Tavernier Bertrand
Miscellaneous information Codice regista SPICS: 1653
9 (RLIN) 41852
130 ## - MAIN ENTRY--UNIFORM TITLE
Uniform title ESCA (L')
9 (RLIN) 41853
240 ## - UNIFORM TITLE
Uniform title APPAT (L')
Miscellaneous information T2995
245 ## - TITLE STATEMENT
Title ESCA (L')
Statement of responsibility, etc. Sceneggiatura: Tavernier-O'Hagan Colo Tavernier Bertrand -- Diretto da: Tavernier Bertrand
Name of part/section of a work ESCA (L') (Rif. Codice opera principale : D9236)
246 ## - VARYING FORM OF TITLE
Title proper/short title APPAT (L')
250 ## - EDITION STATEMENT
Edition statement Edizione Standard
260 ## - PUBLICATION, DISTRIBUTION, ETC. (IMPRINT)
Place of publication, distribution, etc. (FRANCIA)
Name of publisher, distributor, etc. N.d. /
Date of manufacture "1995 (1° ed.: 1996 ; Ed. Lingua Orig.: 1995)"
300 ## - PHYSICAL DESCRIPTION
Extent VHS
Other physical details sonoro, col.
Dimensions 117 minuti
508 ## - CREATION/PRODUCTION CREDITS NOTE
Creation/production credits note "Fotografia: Choquart Alain; Musica: Haim Philippe; Sceneggiatura: Tavernier-O'Hagan Colo Tavernier Bertrand; Scenografia: Ghigo Emile; Soggetto: Tavernier-O'Hagan Colo -- Tavernier Bertrand"
511 ## - PARTICIPANT OR PERFORMER NOTE
Participant or performer note "Gillain Marie; Sitruk Olivier; Putzulu Bruno; Courau Clotilde; Ravel Marie"
520 ## - SUMMARY, ETC.
Summary, etc. TRATTO DAL ROMANZO DI MORGAN SPORTES E' ISPIRATO AD UN FATTO DI CRONACA ACCADUTO IN FRANCIA NEL 1984. PROTAGONISTI TRE GIOVANI DI BUONA FAMIGLIA DUE RAGAZZI E UNA RAGAZZA CHE PER PROCURARSI RAPIDAMENTE DEL DENARO E REALIZZARE LE LORO ASPIRAZIONI DECIDONO DI RAPINARE ALCUNI RICCHI CONOSCENTI DELLA RAGAZZA. GLI IMPROVVISATI DELINQUENTI SCIVOLANO CON AGGHIACCIANTE NATURALEZZA DAL FURTO ALL'OMICIDIO TORTURANDO E ASSASSINANDO LE LORO VITTIME. RITRATTO DI UNA GIOVENTU' DORATA PRIVA DI VALORI E PUNTI DI RIFERIMENTO. LA SOCIETA' MODERNA LEGATA AI MASS MEDIA, ALLA RICCHEZZA E AL SUCCESSO GENERA TALI MOSTRI.
538 ## - SYSTEM DETAILS NOTE
System details note PAL, STEREO
546 ## - LANGUAGE NOTE
Language note ITALIANO
650 ## - SUBJECT ADDED ENTRY--TOPICAL TERM
Topical term or geographic name as entry element DRAMMATICO
Relator term FILMS [VHS]
General subdivision Codice MATERIA SPICS: 9960
9 (RLIN) 34083
700 ## - ADDED ENTRY--PERSONAL NAME
Personal name Haim Philippe
Relator term (musica)
Miscellaneous information Codice Musica SPICS: 46602
9 (RLIN) 41854
700 ## - ADDED ENTRY--PERSONAL NAME
Personal name Tavernier Bertrand
Relator term (regista)
Miscellaneous information Codice regista SPICS: 1653
9 (RLIN) 41855
700 ## - ADDED ENTRY--PERSONAL NAME
Personal name Tavernier Bertrand
Relator term (soggetto)
Miscellaneous information Codice Soggetto 2° SPICS: 1653
9 (RLIN) 41856
700 ## - ADDED ENTRY--PERSONAL NAME
Personal name Tavernier-O'Hagan Colo
Relator term (soggetto)
Miscellaneous information Codice Soggetto SPICS: 36680
9 (RLIN) 41857
942 ## - ADDED ENTRY ELEMENTS (KOHA)
Koha item type VHS - VIDEO
Source of classification or shelving scheme Dewey Decimal Classification
Dati di copia
Withdrawn status Lost status Damaged status Not for loan Home library Current library Date acquired Total Checkouts Full call number Date last seen Price effective from Koha item type Public note
    Buone Condizioni Not For Loan SPICS-MEDIATECA SPICS-MEDIATECA 31/01/2015   D9236 31/01/2015 31/01/2015 VHS - VIDEO Progr. Ins.: 706 / N.Vol.:1 / Copie: 1 / Pag.: / Copia rara: n.d. / date import: 1.2.2015 / By Epidotti, Trombetti, Vaglietti
CREDITS: SOCIETA' SAN PAOLO Via A.Severo, 58 - ROMA (RM) & PERIODICI SAN PAOLO SRL Via Giotto, 36 MILANO & CISF Via Giotto, 36 MILANO & EDIZIONI SAN PAOLO SRL,  Piazza Soncino, 5 CINISELLO BALSAMO (MI) -- ITALY